[Event "World Junior U20 Open 2018"]
[Site "Gebze"]
[Date "2018.09.06"]
[Round "2.82"]
[White "Kilic, Efe Mert"]
[Black "Kilic, Gokturk Kagan"]
[Result "1/2-1/2"]
[WhiteElo "2269"]
[BlackElo "1910"]
[Annotator "TA"]
[PlyCount "261"]
[EventDate "2018.09.05"]
[EventType "swiss"]
[EventCountry "TUR"]
[SourceTitle "playchess.com"]
[Source "ChessBase"]
[SourceQuality "1"]

{[%evp 21,261,46,47,0,0,-19,-16,0,0,-48,-41,-34,-33,-45,-45,-52,-17,-18,-18,-23,-15,-20,48,51,147,144,134,144,139,134,166,166,226,226,227,183,129,167,149,82,147,0,269,126,122,104,104,104,104,104,104,104,104,104,104,104,104,104,104,97,104,70,70,70,104,70,70,0,70,70,70,0,23,0,90,97,97,97,99,70,97,97,97,97,97,23,23,23,97,23,23,23,23,23,99,99,99,99,99,99,99,23,99,99,99,99,129,99,99,99,99,0,99,99,99,99,99,99,99,99,99,99,129,99,99,8,99,99,99,99,129,99,99,99,99,99,99,99,99,99,99,99,99,99,99,99,129,129,129,129,129,129,129,129,129,129,129,129,129,129,129,129,129,129,129,129,129,129,129,129,129,75,75,75,75,75,75,75,75,75,75,75,75,75,75,75,75,0,75,75,75,75,75,75,75,75,75,75,75,75,75,75,75,82,82,82,82,0,0,0,82,0,0,0,82,82,82,82,82,0,0,0,97,8,8,8,8,8,8,8,8,8,8,0,0,0,0,0,0,0,0,0]} 1. e4 c5 2. Nf3 e6 3. d4 cxd4 4. Nxd4 a6 5. Bd3 Bc5 6. Nb3 Ba7 7. Nc3 Nc6 8. Qe2 d6 9. Be3 Bxe3 10. Qxe3 Nf6 11. O-O-O O-O {LiveBook: 34 Games} 12. g4 {B42: Sicilian: Kan Variation: 5 Bd3} (12. f4 $14) (12. f4 Qc7 13. Rhg1 b5 14. g4 b4 15. Ne2 a5 16. Kb1 a4 17. Nbc1 d5 18. e5 Nd7 19. Qh3 g6 20. Qh6 Ba6 21. Ng3 {1-0 (36) Andriasian,Z (2613)-Chibukhchian,A (2498) Yerevan 2010}) 12... Nxg4 $11 13. Qg3 $1 {[%cal Rg3g4]} e5 $146 ({Predecessor:} 13... Nf6 14. f4 g6 15. e5 Nh5 16. Qf2 d5 17. Be2 f5 18. Rhg1 Ng7 19. h4 Bd7 {1-0 (32) Syska,A (2275)-Bosbach,G (2260) Germany 1992}) 14. Rhg1 g6 15. h4 Be6 16. Be2 Nf6 17. f4 Bxb3 18. fxe5 Nxe5 (18... Bxc2 $5 19. Rxd6 Nxe4 20. Nxe4 Bxe4 21. Rxd8 Raxd8 $15) 19. axb3 b5 20. Qf4 Rc8 21. Rgf1 Ne8 (21... b4 $11 22. Qxf6 bxc3 23. Qxd6 cxb2+ 24. Kxb2 Qa5) 22. Nd5 $14 f5 (22... f6 $14) 23. exf5 $16 Rxf5 24. Qh6 $1 $36 {[%mdl 2048] Black is under strong pressure.} Ng7 25. h5 $1 Nf7 26. Qd2 Rc5 (26... Qh4 {was necessary.}) 27. hxg6 $18 hxg6 28. Rxf5 Nxf5 29. Rg1 Ne5 30. b4 ({Better is} 30. Kb1) 30... Rc8 $16 31. Nf4 (31. Kb1 $16 Qh4 32. Nf4) 31... Qe8 $2 {[%mdl 8192] [#]} (31... Qb6 $1 $11 {and Black stays safe.} 32. Rg2 Kg7) 32. Nxg6 $1 {[%mdl 512]} Nxg6 33. Bd3 Qe6 34. Qg5 $1 {[%csl LRf5,LRg6]} Nfe7 {White must now prevent ...Kf7.} 35. Bxg6 Nxg6 36. Qxg6+ Qxg6 37. Rxg6+ {[%mdl 4096] Endgame KR-KR} Kf7 38. Rxd6 Ra8 39. b3 Ke7 40. Rd5 Ke6 41. Rc5 Kd6 42. Kb2 Rb8 43. Kc3 Rh8 44. Kb2 (44. Rg5 $14) 44... Rh4 (44... Rb8 $1 $11) 45. Ka3 $14 Rh3 46. Kb2 Rh4 47. Ka3 ({White should play} 47. c3 $11) 47... Rh3 $1 $16 48. Rc8 Kd5 49. Ra8 Rh6 50. Kb2 Rd6 51. Rc8 Rh6 52. c4+ Kd6 53. Rc5 (53. Rd8+ $16 Kc7 54. Rd3) 53... Rh2+ $11 54. Ka3 Rh3 (54... Rh4 $1 $11) 55. cxb5 (55. Rd5+ $1 $16 Kc6 56. Kb2) 55... axb5 56. Rxb5 Kc6 57. Rg5 Rh6 (57... Rh2 $11) 58. Ka4 $16 Kb6 59. Rg8 Rf6 60. Rc8 Rh6 61. Rc4 (61. b5 $16 {aiming for Rc6+!} Rh1 62. Rc6+ Kb7 63. Ra6) 61... Rh5 (61... Rh8 $11 62. b5 Ra8+ 63. Kb4 Ra1) 62. b5 Kb7 63. Ka5 Rh3 64. Kb4 Rh6 65. Rc6 Rh4+ 66. Rc4 (66. Ka5 {feels hotter.} Rh1 67. Rc3 Ra1+ 68. Kb4 Ra8 69. Rf3) 66... Rh6 67. Rc3 (67. Rf4 {seems wilder.} Rh1 68. Ka5 Ra1+ 69. Ra4 Rb1 70. Ra3) 67... Rh4+ 68. Ka5 $1 Rh1 69. Rg3 Ra1+ 70. Kb4 Rh1 71. Rg5 Rh3 72. Kc4 Rh1 73. Rg6 (73. Rg4 $16) 73... Rc1+ (73... Rh4+ $11 74. Kc5 Rh5+ 75. Kb4 Rh1) 74. Kb4 Rh1 75. Rg4 Rh3 76. Ka4 Rh1 77. Ka5 {And now Rg7+ would win.} Ra1+ 78. Ra4 Rb1 79. Ra3 Rh1 80. Ra2 $1 Rh8 {...Ra8+ is the strong threat.} 81. Rf2 Ra8+ 82. Kb4 Rh8 83. Rf4 Rg8 84. Rf7+ Kb6 85. Rf6+ Kb7 86. Ka5 Ra8+ 87. Ra6 {White wants to mate with Rxa8.} Rh8 88. Rb6+ Kc7 89. Rg6 Ra8+ 90. Ra6 Rh8 91. Ra7+ Kb8 92. Rg7 Rh6 93. Rf7 Rg6 94. Rh7 Rf6 95. b4 Rg6 96. b6 (96. Rd7 $142) 96... Rg1 97. Kb5 Rb1 98. Rc7 Rh1 99. Rc5 Rg1 100. Ka6 Ra1+ 101. Ra5 Rb1 102. Ra4 (102. Rd5 {keeps more tension.} Ra1+ 103. Kb5 Kb7 104. Rd7+ Kb8 105. Rd8+) 102... Rh1 103. Ra2 Rb1 104. Ra4 (104. Rh2 {is interesting.} Ra1+ 105. Kb5 Rb1 106. Rh4 Kb7 107. Rd4) 104... Rh1 $1 105. Ra3 $1 Rb1 106. Kb5 Rh1 107. Rf3 Rg1 108. Rf5 Rh1 109. Rg5 Rh2 110. Rg1 Rf2 111. Rg7 Rh2 112. Re7 Rh1 113. Rd7 Rg1 114. Kc6 ({Only move:} 114. Rf7 $1 $16) 114... Rc1+ $11 115. Kb5 Rh1 (115... Rg1 $11 {keeps the balance.}) 116. Ka6 {[%cal Rd7d8]} Ra1+ 117. Kb5 Rh1 118. Rd5 Kb7 {[#]} 119. Rc5 $1 Kb8 {[#]} 120. Ka6 (120. Rf5 $1 $16) 120... Ra1+ 121. Ra5 (121. Kb5 $11) 121... Rb1 $16 122. b5 (122. Rg5 $16 {[%cal Rg5g8]} Ra1+ 123. Ra5) 122... Rb2 {The position is equal.} 123. Ra1 Rh2 124. Ra3 Rh1 125. Ra2 Rg1 126. b7 Rg6+ 127. b6 Rg1 128. Ra3 Rh1 (128... Ra1 $5 129. Rxa1 $11) 129. Ra2 Rg1 130. Ra3 Rh1 131. Ra2 {Precision: White = 55%, Black = 72%.} 1/2-1/2